Eastern Europe:Domestic Final Uses of Gross Product,1970 and 1975-1986 (Record no. 483)

MARC details
000 -LEADER
fixed length control field 00650nam a22002297i 4500
001 - CONTROL NUMBER
control field 490
003 - CONTROL NUMBER IDENTIFIER
control field OSt
005 - DATE AND TIME OF LATEST TRANSACTION
control field 20170126082243.0
007 - PHYSICAL DESCRIPTION FIXED FIELD--GENERAL INFORMATION
fixed length control field tu
008 - FIXED-LENGTH DATA ELEMENTS--GENERAL INFORMATION
fixed length control field 161220s1987 xxu||||| |||| 00| 0 d
024 7# - OTHER STANDARD IDENTIFIER
Standard number or code 489
Source of number or code RID
040 ## - CATALOGING SOURCE
Transcribing agency OSt
084 ## - OTHER CLASSIFICATION NUMBER
Classification number 8.21
Number source z
100 1# - MAIN ENTRY--PERSONAL NAME
Personal name Alton, Thad P.
245 00 - TITLE STATEMENT
Title Eastern Europe:Domestic Final Uses of Gross Product,1970 and 1975-1986
260 ## - PUBLICATION, DISTRIBUTION, ETC.
Place of publication, distribution, etc. New York :
Name of publisher, distributor, etc. L.W. International Financial Research, Inc.,
Date of publication, distribution, etc. 1987.
300 ## - PHYSICAL DESCRIPTION
Extent 53 S. ;
Dimensions 30cm.
490 ## - SERIES STATEMENT
Series statement National Income in East Central Europe,Occasional Paper
Volume/sequential designation 97
700 1# - ADDED ENTRY--PERSONAL NAME
Personal name Badach, Krzysztof
700 1# - ADDED ENTRY--PERSONAL NAME
Personal name Bass, Elizabeth M.
700 1# - ADDED ENTRY--PERSONAL NAME
Personal name Lazarcik, Gregor
942 ## - ADDED ENTRY ELEMENTS (KOHA)
Koha item type Book
Holdings
Withdrawn status Lost status Damaged status Not for loan Home library Current library Shelving location Date acquired Inventory number Total Checkouts Full call number Barcode Date last seen Price effective from Koha item type
        WIIW WIIW Souterrain 06/29/1992 490   II-690/97 300488 01/26/2017 01/26/2017 Book
The Vienna Instiute for International Economic Studies (wiiw)